[Event "Rubinstein mem op A"]
[Site "Polanica Zdroj POL"]
[Date "2005.08.22"]
[Round "4"]
[White "Owczarzak, Jerzy"]
[Black "Golubka, Petro"]
[Result "1/2-1/2"]
[WhiteElo "2368"]
[BlackElo "2272"]
[WhiteFideId "-1"]
[BlackFideId "-1"]
[PlyCount "59"]
[GameId "2129405117816576"]
[EventDate "2005.08.19"]
[EventType "swiss"]
[EventRounds "10"]
[EventCountry "POL"]
[SourceTitle "The Week in Chess 566"]
[Source "Mark Crowther"]
[SourceDate "2005.09.12"]
[SourceVersion "1"]
[SourceVersionDate "2005.09.12"]
[SourceQuality "2"]

1. e4 c5 2. Nf3 d6 3. d4 cxd4 4. Nxd4 Nf6 5. Nc3 a6 6. Be3 Ng4 7. Bg5 h6 8. Bh4 g5 9. Be2 Bg7 10. Bg3 h5 11. Bxg4 hxg4 12. Qd2 e6 13. O-O-O b5 14. Nb3 Bb7 15. Bxd6 Nd7 16. Qe3 Rc8 17. Nc5 Nxc5 18. Bxc5 Qc7 19. Bd4 f6 20. Bb6 Qf4 21. a3 Qxe3+ 22. Bxe3 Bf8 23. h3 gxh3 24. Rxh3 Rxh3 25. gxh3 Be7 26. f4 gxf4 27. Bxf4 Bxa3 28. e5 Be7 29. exf6 Bxf6 30. Re1 1/2-1/2

[Event "Rubinstein mem op A"]
[Site "Polanica Zdroj POL"]
[Date "2005.08.23"]
[Round "5"]
[White "Golubka, Petro"]
[Black "Luch, Michal"]
[Result "1/2-1/2"]
[WhiteElo "2272"]
[BlackElo "2414"]
[WhiteFideId "-1"]
[BlackFideId "-1"]
[PlyCount "60"]
[GameId "2129405117816592"]
[EventDate "2005.08.19"]
[EventType "swiss"]
[EventRounds "10"]
[EventCountry "POL"]
[SourceTitle "The Week in Chess 566"]
[Source "Mark Crowther"]
[SourceDate "2005.09.12"]
[SourceVersion "1"]
[SourceVersionDate "2005.09.12"]
[SourceQuality "2"]

1. e4 c5 2. Nf3 e6 3. Nc3 a6 4. d4 cxd4 5. Nxd4 b5 6. g3 Bb7 7. Bg2 Nf6 8. Qd3 d6 9. O-O Nbd7 10. a3 Be7 11. Qe2 Qc7 12. Nb3 O-O 13. Be3 Ne5 14. Nd2 Neg4 15. Bf4 Rac8 16. Rad1 Rfd8 17. Nf3 Ne5 18. Nxe5 dxe5 19. Rxd8+ Rxd8 20. Be3 Rc8 21. f3 Bc5 22. Bxc5 Qxc5+ 23. Qf2 Kf8 24. Rd1 Qxf2+ 25. Kxf2 Ke7 26. Bf1 Nd7 27. Bd3 Nb6 28. Ke3 f6 29. Ra1 Bc6 30. b3 Be8 1/2-1/2

[Event "Rubinstein mem op A"]
[Site "Polanica Zdroj POL"]
[Date "2005.08.24"]
[Round "6"]
[White "Szoen, Dariusz"]
[Black "Golubka, Petro"]
[Result "1/2-1/2"]
[WhiteElo "2459"]
[BlackElo "2272"]
[WhiteFideId "-1"]
[BlackFideId "-1"]
[PlyCount "146"]
[GameId "2129405117816644"]
[EventDate "2005.08.19"]
[EventType "swiss"]
[EventRounds "10"]
[EventCountry "POL"]
[SourceTitle "The Week in Chess 566"]
[Source "Mark Crowther"]
[SourceDate "2005.09.12"]
[SourceVersion "1"]
[SourceVersionDate "2005.09.12"]
[SourceQuality "2"]

1. d4 Nf6 2. c4 e6 3. Nc3 Bb4 4. Qc2 O-O 5. a3 Bxc3+ 6. Qxc3 b6 7. Bg5 h6 8. Bh4 Bb7 9. e3 d6 10. Ne2 Nbd7 11. Qd3 c5 12. Nc3 Qe7 13. Rd1 Rfd8 14. d5 Ne5 15. Qc2 Ng6 16. Bg3 e5 17. Be2 Re8 18. O-O Bc8 19. b4 Qd8 20. Rb1 Ne7 21. e4 Ng6 22. bxc5 bxc5 23. Qd2 Qa5 24. Rb3 Nd7 25. Rfb1 Nb6 26. Qc1 Bd7 27. f3 Nc8 28. Be1 Qd8 29. Bd2 f5 30. exf5 Bxf5 31. Ne4 Nb6 32. Bd3 Rf8 33. Qc2 Ne7 34. R3b2 Qd7 35. Rb5 Qd8 36. Ba5 Kh8 37. Bxb6 axb6 38. Rxb6 Bxe4 39. Bxe4 Rxa3 40. Rb7 Ra8 41. Bd3 Rf4 42. Qb3 Kg8 43. Be4 Rf8 44. Qb5 Nf5 45. Qd7 Qg5 46. Bxf5 Rxf5 47. h4 Qg6 48. Rb8+ Rxb8 49. Rxb8+ Rf8 50. h5 Qf6 51. Rb6 e4 52. Qe6+ Qxe6 53. dxe6 exf3 54. Rxd6 Re8 55. gxf3 Kf8 56. Kf2 Ke7 57. Rd7+ Kxe6 58. Rxg7 Kd6 59. Rh7 Ke5 60. Rxh6 Kd4 61. Rg6 Kxc4 62. h6 Kd5 63. h7 Rh8 64. Rh6 Ke5 65. Ke3 Kf5 66. Rh5+ Kg6 67. Rxc5 Rxh7 68. Ke4 Ra7 69. Rc6+ Kf7 70. Kf5 Ra5+ 71. Kg4 Ra4+ 72. f4 Ra5 73. Rb6 Rc5 1/2-1/2

[Event "Rubinstein mem op A"]
[Site "Polanica Zdroj POL"]
[Date "2005.08.26"]
[Round "8"]
[White "Lubczynski, Rafal"]
[Black "Golubka, Petro"]
[Result "1/2-1/2"]
[WhiteElo "2340"]
[BlackElo "2272"]
[WhiteFideId "-1"]
[BlackFideId "-1"]
[PlyCount "46"]
[GameId "2129405117816693"]
[EventDate "2005.08.19"]
[EventType "swiss"]
[EventRounds "10"]
[EventCountry "POL"]
[SourceTitle "The Week in Chess 566"]
[Source "Mark Crowther"]
[SourceDate "2005.09.12"]
[SourceVersion "1"]
[SourceVersionDate "2005.09.12"]
[SourceQuality "2"]

1. Nf3 Nf6 2. b3 e6 3. Bb2 Be7 4. g3 b6 5. Bg2 Bb7 6. O-O c5 7. c4 d5 8. cxd5 Bxd5 9. Nc3 Bb7 10. d4 O-O 11. Rc1 Nbd7 12. Rc2 Qb8 13. dxc5 Nxc5 14. Nb5 Rd8 15. Qa1 Be4 16. Rc4 a6 17. Nc3 Bb7 18. Na4 Ncd7 19. Rd4 b5 20. Nc3 Qa7 21. e3 Nc5 22. Rfd1 Rxd4 23. Rxd4 Bc6 1/2-1/2

[Event "Rubinstein mem op A"]
[Site "Polanica Zdroj POL"]
[Date "2005.08.28"]
[Round "10"]
[White "Grycel, Kamil"]
[Black "Golubka, Petro"]
[Result "1/2-1/2"]
[WhiteElo "2282"]
[BlackElo "2272"]
[WhiteFideId "-1"]
[BlackFideId "-1"]
[PlyCount "32"]
[GameId "2129405117816741"]
[EventDate "2005.08.19"]
[EventType "swiss"]
[EventRounds "10"]
[EventCountry "POL"]
[SourceTitle "The Week in Chess 566"]
[Source "Mark Crowther"]
[SourceDate "2005.09.12"]
[SourceVersion "1"]
[SourceVersionDate "2005.09.12"]
[SourceQuality "2"]

1. d4 Nf6 2. c4 e6 3. Nc3 Bb4 4. e3 c5 5. Nge2 d5 6. a3 Bxc3+ 7. Nxc3 cxd4 8. exd4 Nc6 9. Qb3 dxc4 10. Bxc4 O-O 11. O-O h6 12. d5 exd5 13. Nxd5 Be6 14. Nxf6+ Qxf6 15. Bxe6 Qxe6 16. Qa4 Rfd8 1/2-1/2

[Event "Evpatoria U18 4th"]
[Site "Evpatoria"]
[Date "2005.05.03"]
[Round "1.6"]
[White "Golubka, Petro"]
[Black "Fedosenko, Pavel"]
[Result "1/2-1/2"]
[WhiteElo "2272"]
[BlackElo "2264"]
[WhiteFideId "-1"]
[BlackFideId "-1"]
[PlyCount "58"]
[GameId "1166647387283456"]
[EventDate "2005.05.03"]
[EventType "swiss"]
[EventRounds "7"]
[EventCountry "UKR"]
[SourceTitle "CBM 106 Extra"]
[Source "ChessBase"]
[SourceDate "2005.07.01"]
[SourceVersion "1"]
[SourceVersionDate "2005.07.01"]
[SourceQuality "1"]

1. e4 e5 2. Nf3 Nc6 3. Bb5 a6 4. Ba4 Nf6 5. d3 b5 6. Bb3 Bc5 7. a4 Rb8 8. axb5 axb5 9. Nc3 d6 10. h3 Be6 11. Bxe6 fxe6 12. Be3 Bxe3 13. fxe3 O-O 14. Ra6 Nb4 15. Ra1 Nc6 16. Ra6 Nb4 17. Ra1 c5 18. O-O Qb6 19. Kh1 Ra8 20. Qd2 Nc6 21. Ng5 b4 22. Ne2 Rxa1 23. Rxa1 h6 24. Nf3 Qb7 25. Qd1 Ra8 26. c4 bxc3 27. Rxa8+ Qxa8 28. bxc3 c4 29. Ng3 Na5 1/2-1/2

[Event "Evpatoria U18 4th"]
[Site "Evpatoria"]
[Date "2005.05.03"]
[Round "2.7"]
[White "Artemchuk, Taras"]
[Black "Golubka, Petro"]
[Result "1/2-1/2"]
[WhiteElo "2174"]
[BlackElo "2272"]
[WhiteFideId "-1"]
[BlackFideId "-1"]
[PlyCount "30"]
[GameId "1166647387443200"]
[EventDate "2005.05.03"]
[EventType "swiss"]
[EventRounds "7"]
[EventCountry "UKR"]
[SourceTitle "CBM 106 Extra"]
[Source "ChessBase"]
[SourceDate "2005.07.01"]
[SourceVersion "1"]
[SourceVersionDate "2005.07.01"]
[SourceQuality "1"]

1. d4 Nf6 2. c4 e6 3. Nf3 b6 4. g3 Bb7 5. Bg2 Be7 6. O-O O-O 7. d5 exd5 8. Nh4 c6 9. cxd5 Nxd5 10. Nf5 Nc7 11. Nc3 d5 12. e4 Nba6 13. Re1 Re8 14. Bf4 Bf8 15. Qg4 Qf6 1/2-1/2

[Event "Evpatoria U18 4th"]
[Site "Evpatoria"]
[Date "2005.05.05"]
[Round "5.8"]
[White "Golubka, Petro"]
[Black "Lineykin, Denis"]
[Result "1/2-1/2"]
[WhiteElo "2272"]
[BlackElo "2154"]
[WhiteFideId "-1"]
[BlackFideId "-1"]
[PlyCount "88"]
[GameId "1166647387906048"]
[EventDate "2005.05.03"]
[EventType "swiss"]
[EventRounds "7"]
[EventCountry "UKR"]
[SourceTitle "CBM 106 Extra"]
[Source "ChessBase"]
[SourceDate "2005.07.01"]
[SourceVersion "1"]
[SourceVersionDate "2005.07.01"]
[SourceQuality "1"]

1. e4 c5 2. Nf3 Nc6 3. Nc3 g6 4. d4 cxd4 5. Nxd4 Bg7 6. Be3 Nf6 7. Bc4 O-O 8. Bb3 d6 9. f3 Bd7 10. Qd2 Ne5 11. O-O-O b5 12. Ncxb5 Qb8 13. Nc3 Rc8 14. Nd5 Nxd5 15. Bxd5 Nc4 16. Bxc4 Rxc4 17. b3 Rc7 18. Qa5 Rc5 19. Qa3 a5 20. Ne2 Rc8 21. Bd4 Qc7 22. Qb2 Bh6+ 23. Kb1 a4 24. c4 axb3 25. axb3 Be6 26. Rd3 Rcb8 27. Rc3 Qa5 28. Rd1 f5 29. Ng3 fxe4 30. Nxe4 d5 31. cxd5 Bxd5 32. Rc5 Rxb3 33. Rxa5 Rxb2+ 34. Kxb2 Rxa5 35. Nc3 Be6 36. Bb6 Ra6 37. Rd8+ Kf7 38. Bd4 Rd6 39. Rxd6 exd6 40. Ne4 d5 41. Nc5 Bc8 42. Kc3 Bf8 43. Nd3 Bd6 44. Be5 Be7 1/2-1/2

[Event "UKR-ch U16 sf"]
[Site "Dnipropetrovsk UKR"]
[Date "2004.11.??"]
[Round "3"]
[White "Aridov, Vladimir"]
[Black "Golubka, Petro"]
[Result "1/2-1/2"]
[WhiteElo "2157"]
[BlackElo "2260"]
[WhiteFideId "-1"]
[BlackFideId "-1"]
[PlyCount "29"]
[GameId "2129405123387398"]
[EventDate "2004.11.??"]
[EventType "swiss"]
[EventRounds "9"]
[EventCountry "UKR"]
[SourceTitle "EXT 2006"]
[Source "ChessBase"]
[SourceDate "2005.11.24"]
[SourceVersion "1"]
[SourceVersionDate "2005.11.24"]
[SourceQuality "1"]

1. e4 e5 2. Nf3 Nf6 3. d4 Nxe4 4. Nxe5 d5 5. Bd3 Nd7 6. Nxf7 Qe7 7. Nxh8 Nc3+ 8. Kd2 Nxd1 9. Re1 Nxf2 10. Bxh7 Ne4+ 11. Rxe4 dxe4 12. Bg6+ Kd8 13. Nf7+ Ke8 14. Nd6+ Kd8 15. Nf7+ 1/2-1/2

[Event "UKR-ch U16 sf"]
[Site "Dnipropetrovsk UKR"]
[Date "2004.11.??"]
[Round "9"]
[White "Kovalenko, Oleg"]
[Black "Golubka, Petro"]
[Result "1/2-1/2"]
[WhiteElo "2177"]
[BlackElo "2260"]
[WhiteFideId "-1"]
[BlackFideId "-1"]
[PlyCount "20"]
[GameId "2129405123395822"]
[EventDate "2004.11.??"]
[EventType "swiss"]
[EventRounds "9"]
[EventCountry "UKR"]
[SourceTitle "EXT 2006"]
[Source "ChessBase"]
[SourceDate "2005.11.24"]
[SourceVersion "1"]
[SourceVersionDate "2005.11.24"]
[SourceQuality "1"]

1. e4 c5 2. c3 Nf6 3. e5 Nd5 4. d4 cxd4 5. Nf3 Nc6 6. cxd4 d6 7. Bc4 e6 8. O-O Be7 9. Qe2 O-O 10. Qe4 Ndb4 1/2-1/2

[Event "UKR games U16 B1"]
[Site "Simferopol UKR"]
[Date "2004.05.19"]
[Round "2"]
[White "Golubka, Petro"]
[Black "Zavgorodniy, Sergiy"]
[Result "0-1"]
[WhiteElo "2270"]
[BlackElo "2456"]
[WhiteFideId "-1"]
[BlackFideId "-1"]
[PlyCount "91"]
[GameId "2129405127499888"]
[EventDate "2004.05.19"]
[EventType "swiss"]
[EventRounds "9"]
[EventCountry "UKR"]
[SourceTitle "EXT 2008"]
[Source "ChessBase"]
[SourceDate "2007.11.25"]
[SourceVersion "1"]
[SourceVersionDate "2007.11.25"]
[SourceQuality "1"]

1. e4 c5 2. Nf3 Nc6 3. d4 cxd4 4. Nxd4 g6 5. Nc3 Bg7 6. Be3 Nf6 7. Bc4 O-O 8. Bb3 d6 9. f3 Bd7 10. Qd2 Nxd4 11. Bxd4 b5 12. a4 b4 13. Nd5 Nxd5 14. Bxg7 Kxg7 15. Bxd5 Rc8 16. a5 Qc7 17. Qxb4 Qxc2 18. O-O a6 19. Qd4+ Kg8 20. Bb7 Bb5 21. Bxc8 Bxf1 22. Rxf1 Rxc8 23. Qa7 Qd2 24. Kh1 Rc1 25. Qxa6 Qxa5 26. Qd3 Qd2 27. Qa6 Qxb2 28. h3 Qb1 29. Rxc1 Qxc1+ 30. Kh2 Qf4+ 31. Kg1 h5 32. Qc8+ Kh7 33. Qc7 e6 34. Kf1 h4 35. Kg1 Kg7 36. Kf1 g5 37. Qc3+ Qf6 38. Qc6 Qd4 39. Qc1 Kf6 40. Qc7 Qd1+ 41. Kf2 Qd2+ 42. Kf1 d5 43. exd5 exd5 44. Qd8+ Kg7 45. Qd6 Qd3+ 46. Kf2 0-1

[Event "UKR games U16 B1"]
[Site "Simferopol UKR"]
[Date "2004.05.20"]
[Round "3"]
[White "Mjasoedov, Gleb"]
[Black "Golubka, Petro"]
[Result "1/2-1/2"]
[WhiteElo "2172"]
[BlackElo "2270"]
[WhiteFideId "-1"]
[BlackFideId "-1"]
[PlyCount "64"]
[GameId "2129405127499901"]
[EventDate "2004.05.19"]
[EventType "swiss"]
[EventRounds "9"]
[EventCountry "UKR"]
[SourceTitle "EXT 2008"]
[Source "ChessBase"]
[SourceDate "2007.11.25"]
[SourceVersion "1"]
[SourceVersionDate "2007.11.25"]
[SourceQuality "1"]

1. d4 Nf6 2. c4 g6 3. Nc3 Bg7 4. e4 d6 5. f3 O-O 6. Be3 e5 7. d5 Nh5 8. Qd2 Qh4+ 9. g3 Qe7 10. g4 Nf4 11. Nge2 f5 12. gxf5 Nxe2 13. Bxe2 gxf5 14. O-O-O Nd7 15. exf5 Nf6 16. Bd3 Nh5 17. Bg5 Qf7 18. f6 Nxf6 19. Rhg1 Kh8 20. f4 e4 21. Bc2 Bf5 22. Rde1 Rae8 23. h3 a6 24. Qe3 b5 25. Rd1 bxc4 26. Ba4 Rd8 27. Bc6 Nd7 28. Bxd7 Qxd7 29. Rd2 Rf7 30. Rdg2 c5 31. dxc6 Qxc6 32. Bh6 Bf6 1/2-1/2

[Event "UKR games U16 B1"]
[Site "Simferopol UKR"]
[Date "2004.05.20"]
[Round "4"]
[White "Golubka, Petro"]
[Black "Pasko, Alexander"]
[Result "1/2-1/2"]
[WhiteElo "2270"]
[BlackElo "2366"]
[WhiteFideId "-1"]
[BlackFideId "-1"]
[PlyCount "43"]
[GameId "2129405127499912"]
[EventDate "2004.05.19"]
[EventType "swiss"]
[EventRounds "9"]
[EventCountry "UKR"]
[SourceTitle "EXT 2008"]
[Source "ChessBase"]
[SourceDate "2007.11.25"]
[SourceVersion "1"]
[SourceVersionDate "2007.11.25"]
[SourceQuality "1"]

1. e4 c5 2. Nf3 d6 3. d4 cxd4 4. Nxd4 Nf6 5. Nc3 a6 6. Be2 e5 7. Nb3 Be7 8. Bg5 Nbd7 9. a4 b6 10. Bc4 Bb7 11. Qe2 O-O 12. O-O Qc7 13. Rfd1 Rfc8 14. Nd2 h6 15. Bxf6 Nxf6 16. Bb3 Qc5 17. Nc4 b5 18. Na5 Rab8 19. Nxb7 Rxb7 20. axb5 axb5 21. Nd5 Nxd5 22. Rxd5 1/2-1/2

[Event "UKR games U16 B1"]
[Site "Simferopol UKR"]
[Date "2004.05.22"]
[Round "7"]
[White "Golubka, Petro"]
[Black "Vovk, Andrey"]
[Result "1/2-1/2"]
[WhiteElo "2270"]
[BlackElo "2170"]
[WhiteFideId "-1"]
[BlackFideId "-1"]
[PlyCount "53"]
[GameId "2129405127499944"]
[EventDate "2004.05.19"]
[EventType "swiss"]
[EventRounds "9"]
[EventCountry "UKR"]
[SourceTitle "EXT 2008"]
[Source "ChessBase"]
[SourceDate "2007.11.25"]
[SourceVersion "1"]
[SourceVersionDate "2007.11.25"]
[SourceQuality "1"]

1. e4 c5 2. Nf3 d6 3. d4 cxd4 4. Nxd4 Nf6 5. Nc3 Nc6 6. Bc4 e6 7. Be3 Be7 8. O-O O-O 9. f4 Qc7 10. Bb3 Na5 11. Qd3 a6 12. f5 Nxb3 13. axb3 Ng4 14. fxe6 fxe6 15. Rxf8+ Bxf8 16. Nf3 Nxe3 17. Qxe3 Bd7 18. Qd3 Rc8 19. Rc1 g6 20. Rd1 Be8 21. Nd4 Bf7 22. Nf3 b5 23. Rd2 Be8 24. e5 dxe5 25. Ne4 Bc6 26. Nfg5 Qe7 27. Rf2 1/2-1/2

[Event "UKR games U16 B1"]
[Site "Simferopol UKR"]
[Date "2004.05.23"]
[Round "9"]
[White "Golubka, Petro"]
[Black "Smirnov, Igor"]
[Result "0-1"]
[WhiteElo "2270"]
[BlackElo "2450"]
[WhiteFideId "-1"]
[BlackFideId "-1"]
[PlyCount "100"]
[GameId "2129405127499965"]
[EventDate "2004.05.19"]
[EventType "swiss"]
[EventRounds "9"]
[EventCountry "UKR"]
[SourceTitle "EXT 2008"]
[Source "ChessBase"]
[SourceDate "2007.11.25"]
[SourceVersion "1"]
[SourceVersionDate "2007.11.25"]
[SourceQuality "1"]

1. e4 c5 2. Nf3 e6 3. d4 cxd4 4. Nxd4 a6 5. Nc3 Qc7 6. Bd3 Nc6 7. Be3 Nf6 8. O-O Bd6 9. h3 Bf4 10. Qd2 Bxe3 11. Qxe3 Qb6 12. Nf5 Qxe3 13. Nxe3 b5 14. f4 d6 15. a3 Bb7 16. g4 h6 17. h4 Ke7 18. g5 Nd7 19. Kg2 Rac8 20. Kg3 Na5 21. Rad1 Nb6 22. Rde1 Nac4 23. Ncd1 Nd2 24. Ng4 Nxf1+ 25. Rxf1 hxg5 26. hxg5 Nc4 27. b3 Nxa3 28. Nde3 b4 29. Ra1 Nb5 30. Ra4 Nc3 31. Rxb4 Rc7 32. f5 a5 33. f6+ gxf6 34. gxf6+ Kd7 35. Rd4 Rh5 36. Nc4 Nb5 37. Nce5+ Kc8 38. Bxb5 dxe5 39. Ra4 Rxc2 40. Be8 Rc3+ 41. Kf2 Rc7 42. Rc4 Rxc4 43. bxc4 Bxe4 44. Bxf7 Rg5 45. Bxe6+ Kd8 46. Ke3 Bf5 47. Bxf5 Rxf5 48. c5 e4 49. Kd4 Rf4 50. Ne5 Rxf6 0-1

[Event "UKR-ch"]
[Site "Simferopol"]
[Date "2003.11.05"]
[Round "2"]
[White "Zubarev, Alexander2"]
[Black "Golubka, Petro"]
[Result "0-1"]
[WhiteElo "2460"]
[BlackElo "2260"]
[WhiteFideId "-1"]
[BlackFideId "-1"]
[PlyCount "130"]
[GameId "1166645904769024"]
[EventDate "2003.11.04"]
[EventType "swiss"]
[EventRounds "9"]
[EventCountry "UKR"]
[SourceTitle "CBM 097 Extra"]
[Source "ChessBase"]
[SourceDate "2004.01.13"]
[SourceVersion "1"]
[SourceVersionDate "2004.01.13"]
[SourceQuality "1"]

1. d4 Nf6 2. c4 g6 3. Nc3 Bg7 4. e4 O-O 5. Nf3 d6 6. Be2 e5 7. Be3 exd4 8. Nxd4 Re8 9. f3 Nc6 10. O-O Bd7 11. Qd2 Nh5 12. Nxc6 Bxc6 13. g4 Nf6 14. Bg5 Qc8 15. b4 Bd7 16. Rac1 Be6 17. Nd5 Nxd5 18. cxd5 Bd7 19. Kh1 a6 20. Qc2 c6 21. Qb3 Qb8 22. Bf4 cxd5 23. Qxd5 Be6 24. Qd2 Be5 25. Be3 Qd8 26. f4 Bg7 27. Bf3 Bd7 28. Bd4 Bc6 29. Bxg7 Kxg7 30. Qd4+ Kg8 31. Rcd1 Qh4 32. Rd2 Rad8 33. Kg1 Qe7 34. Re1 Qh4 35. Re3 h6 36. a3 Rf8 37. Rg2 Rfe8 38. Rg3 Re6 39. f5 Re5 40. g5 hxg5 41. Rg4 Qh6 42. h4 gxh4 43. Rd3 g5 44. Qxe5 dxe5 45. Rxd8+ Kg7 46. Kh2 Qf6 47. Rd2 Qe7 48. Rg1 f6 49. Rc1 Qc7 50. Rd5 Qb6 51. Rdc5 a5 52. bxa5 Qb2+ 53. R1c2 Qxa3 54. R2c3 Qb2+ 55. Rc2 Qb3 56. R2c3 Qa2+ 57. Rc2 Qa1 58. Bg2 g4 59. Rc1 Qa2 60. R1c2 Qa3 61. R2c3 Qa4 62. R3c4 Qd1 63. a6 Kh6 64. axb7 g3+ 65. Kh3 Kg5 0-1

[Event "UKR-ch"]
[Site "Simferopol"]
[Date "2003.11.10"]
[Round "7"]
[White "Kurbedinov, Ramis"]
[Black "Golubka, Petro"]
[Result "1-0"]
[WhiteElo "2409"]
[BlackElo "2260"]
[WhiteFideId "-1"]
[BlackFideId "-1"]
[PlyCount "99"]
[GameId "1166645905735680"]
[EventDate "2003.11.04"]
[EventType "swiss"]
[EventRounds "9"]
[EventCountry "UKR"]
[SourceTitle "CBM 097 Extra"]
[Source "ChessBase"]
[SourceDate "2004.01.13"]
[SourceVersion "1"]
[SourceVersionDate "2004.01.13"]
[SourceQuality "1"]

1. d4 Nf6 2. c4 g6 3. Nc3 Bg7 4. e4 d6 5. Nge2 O-O 6. Ng3 Nfd7 7. Be3 e5 8. d5 a5 9. Bd3 Na6 10. a3 Ndc5 11. Bc2 Nd7 12. O-O Nf6 13. f3 Kh8 14. b4 Bd7 15. Rb1 axb4 16. axb4 Qe7 17. Bd3 Ne8 18. Qc2 c5 19. dxc6 bxc6 20. c5 Nec7 21. Na4 Rab8 22. Nb6 Bc8 23. Rfc1 dxc5 24. bxc5 Bd7 25. Na4 Nb5 26. Bxb5 cxb5 27. Nb6 Bc6 28. Ne2 Rfd8 29. Nc3 Nc7 30. Na2 Na6 31. Nc3 Nc7 32. Rd1 f6 33. Ncd5 Qf7 34. Nb4 Be8 35. c6 Bf8 36. N6d5 Rbc8 37. Bb6 Bd6 38. Nxc7 Bxc7 39. Bxc7 Qxc7 40. Qc5 Kg8 41. Nd5 Qf7 42. Ne7+ Kg7 43. Rxd8 Rxd8 44. c7 Rd7 45. c8=Q Rxe7 46. Qd5 Qf8 47. Rc1 b4 48. Rc7 Rxc7 49. Qxc7+ Kh6 50. Qdb7 1-0

[Event "UKR-ch"]
[Site "Simferopol UKR"]
[Date "2003.11.04"]
[Round "1"]
[White "Golubka, Petro"]
[Black "Maximov, Dmitry"]
[Result "1/2-1/2"]
[WhiteElo "2260"]
[BlackElo "2438"]
[WhiteFideId "-1"]
[BlackFideId "-1"]
[PlyCount "111"]
[GameId "2129405131491947"]
[EventDate "2003.11.04"]
[EventType "swiss"]
[EventRounds "9"]
[EventCountry "UKR"]
[SourceTitle "The Week in Chess 476"]
[Source "Mark Crowther"]
[SourceDate "2003.12.22"]
[SourceVersion "1"]
[SourceVersionDate "2003.12.22"]
[SourceQuality "2"]

1. e4 c5 2. Nf3 d6 3. d4 cxd4 4. Nxd4 Nf6 5. Nc3 Nc6 6. Bc4 e6 7. Be3 Be7 8. O-O O-O 9. Kh1 Bd7 10. f4 Qc7 11. Ndb5 Qb8 12. a4 Rc8 13. Be2 a6 14. Na3 Na5 15. Bb6 Bd8 16. Qd4 Nc6 17. Qe3 Ne7 18. Nc4 Bc6 19. Bxd8 Rxd8 20. Nb6 Ra7 21. Bf3 a5 22. Rfd1 Nd7 23. Nc4 Nc8 24. Na3 Ra6 25. Be2 Ra8 26. Nab5 b6 27. Nd4 Bb7 28. f5 e5 29. Ndb5 Nf6 30. Bf3 Bc6 31. Na3 Qc7 32. Rd2 Ne7 33. Rad1 Rab8 34. g4 h6 35. g5 hxg5 36. Qxg5 Nh7 37. Qg2 Qb7 38. Rg1 g6 39. fxg6 fxg6 40. Nc4 Qc7 41. Rgd1 Bxa4 42. Nxd6 Bc6 43. Qg3 Rf8 44. Bg2 Rf4 45. Ne2 Rf6 46. Qxe5 Rbf8 47. Nf7 Qxe5 48. Nxe5 Ng5 49. Ng3 Be8 50. Nf1 Re6 51. Nc4 Bb5 52. Nd6 Ba6 53. Re1 Nc6 54. h4 Nf3 55. Bxf3 Rxf3 56. Kg2 1/2-1/2

[Event "UKR-ch"]
[Site "Simferopol UKR"]
[Date "2003.11.06"]
[Round "3"]
[White "Golubka, Petro"]
[Black "Efimenko, Zahar"]
[Result "0-1"]
[WhiteElo "2260"]
[BlackElo "2547"]
[WhiteFideId "-1"]
[BlackFideId "-1"]
[PlyCount "104"]
[GameId "2129405131496151"]
[EventDate "2003.11.04"]
[EventType "swiss"]
[EventRounds "9"]
[EventCountry "UKR"]
[SourceTitle "The Week in Chess 476"]
[Source "Mark Crowther"]
[SourceDate "2003.12.22"]
[SourceVersion "1"]
[SourceVersionDate "2003.12.22"]
[SourceQuality "2"]

1. e4 c5 2. Nf3 d6 3. d4 cxd4 4. Nxd4 Nf6 5. Nc3 a6 6. Be2 e5 7. Nb3 Be7 8. O-O O-O 9. a4 b6 10. Bc4 Bb7 11. Qe2 h6 12. Rd1 Nbd7 13. f3 Qc7 14. Be3 Rfc8 15. Nd2 Nc5 16. Qf2 Qb8 17. Re1 Rc7 18. Rad1 Qe8 19. b3 Rb8 20. Qe2 Qc8 21. Nf1 Nh5 22. g3 Nf6 23. Bf2 Bf8 24. Ne3 g6 25. Ned5 Nxd5 26. Nxd5 Bxd5 27. Rxd5 Ra8 28. Ra1 h5 29. Rdd1 Nxa4 30. Rxa4 b5 31. Bxb5 axb5 32. Rxa8 Qxa8 33. c4 bxc4 34. bxc4 Qa3 35. Be3 Rb7 36. Rd3 Qa4 37. Rc3 Rb1+ 38. Rc1 Rb3 39. Bg5 Qa3 40. Kg2 Be7 41. Bd2 Rb2 42. f4 exf4 43. gxf4 Bd8 44. e5 Ba5 45. Rd1 Qa2 46. e6 Kf8 47. e7+ Ke8 48. Qe4 Rxd2+ 49. Rxd2 Qxd2+ 50. Kh3 Qe1 51. Qb7 Qf1+ 52. Kh4 Qxf4+ 0-1

[Event "UKR-ch"]
[Site "Simferopol UKR"]
[Date "2003.11.07"]
[Round "4"]
[White "Matjushin, Gennady"]
[Black "Golubka, Petro"]
[Result "1/2-1/2"]
[WhiteElo "2416"]
[BlackElo "2260"]
[WhiteFideId "-1"]
[BlackFideId "-1"]
[PlyCount "142"]
[GameId "2129405131496225"]
[EventDate "2003.11.04"]
[EventType "swiss"]
[EventRounds "9"]
[EventCountry "UKR"]
[SourceTitle "The Week in Chess 476"]
[Source "Mark Crowther"]
[SourceDate "2003.12.22"]
[SourceVersion "1"]
[SourceVersionDate "2003.12.22"]
[SourceQuality "2"]

1. Nf3 Nf6 2. c4 g6 3. g3 Bg7 4. Bg2 O-O 5. Nc3 d6 6. O-O e5 7. d3 Nc6 8. Rb1 a5 9. a3 h6 10. b4 axb4 11. axb4 Be6 12. Nd2 d5 13. b5 Ne7 14. Bb2 c6 15. Ra1 Qc7 16. Qb3 Rfc8 17. Rfc1 Qd8 18. Rd1 Rxa1 19. Rxa1 Nf5 20. Qd1 e4 21. dxe4 Nxe4 22. Ndxe4 dxe4 23. Bxe4 Nd6 24. bxc6 bxc6 25. Bd3 Nxc4 26. Bxc4 Bxc4 27. Qc2 Rb8 28. Nd1 Bb3 29. Qc1 Qxd1+ 30. Qxd1 Bxd1 31. Bxg7 Kxg7 32. Rxd1 c5 33. Rc1 Rc8 34. e4 Kf6 35. f4 g5 36. Kf2 Ke6 37. Kf3 gxf4 38. gxf4 Rc7 39. h4 Kf6 40. Rc4 Rc6 41. Kg4 Kg6 42. f5+ Kf6 43. Kf4 Ke7 44. Ke5 f6+ 45. Kd5 Rd6+ 46. Kxc5 Rd1 47. Rb4 Rc1+ 48. Kd5 Rd1+ 49. Kc5 Rc1+ 50. Kd4 Rd1+ 51. Ke3 Rh1 52. Rb7+ Kd6 53. Rb6+ Ke7 54. Rb7+ Kf8 55. Kd4 Rxh4 56. Kd5 Rf4 57. Ke6 Rxe4+ 58. Kxf6 Kg8 59. Rg7+ Kf8 60. Rc7 Kg8 61. Re7 Ra4 62. Re8+ Kh7 63. Kf7 Ra6 64. Re6 Ra5 65. f6 Ra8 66. Re8 Ra7+ 67. Re7 Ra8 68. Ke6+ Kg8 69. Rg7+ Kf8 70. Rf7+ Kg8 71. Rd7 Kf8 1/2-1/2